000 00248nam a2200109Ia 4500
008 190216s9999||||xx |||||||||||||| ||und||
100 _aPurushothaman Pillai P G
245 0 _aHippolists
260 _bNbs Kottayam
650 _aNadakam
942 _cBK
999 _c30396
_d30396